Цивилизации и пирамиди (Запис номер 107275)
[ съкратено ]
| 000 -Лидер | |
|---|---|
| Контролно поле с фиксирана дължина | 01662nam a2200385 c 4500 |
| 003 - Код на организацията, давaща контролен номер | |
| Контролно поле | BLK |
| 005 - Дата и час на последна редакция | |
| Контролно поле | 20250211152936.0 |
| 008 - Елементи от данни с фиксирана дължина | |
| fixed length control field | 180409b bul|||||r ||||||| ||bul|| |
| 010 ## - Наследен системен номер | |
| LC control number | KNG00112552000 |
| 020 ## - Международен стандартен номер на книга ISBN | |
| Международен стандартен номер на книга ISBN | 954-585-529-0 |
| -- | издат.: Бард |
| 040 ## - Източник на каталожния запис | |
| Идентификатор на билиотеката - собственик на записа | BLK |
| 041 ## - Код за език | |
| Код за езика на текст/звукозапис или на отделно заглавие | Български |
| Код за езика КДБФ | Български |
| 080 ## - УДК | |
| Текстов определител УДК | Паметници на културата на историческите периоди. Археологическите паметници. Старини |
| УДК код - определител по УДК | 904 |
| УДК определител | (100)(02.062) |
| УДК - код + определител | 904(100)(02.062) |
| 100 1# - Редна дума - Автор | |
| Автор | Шох, Робърт М. |
| Авторска отговорност | първи автор |
| R(LIN) | 144088 |
| 139 ## - Редно поле | |
| Редна дума | Шох, Робърт М. |
| Авторски знак | Шоф - Ш 90 |
| 245 10 - Сведения за заглавието | |
| Заглавие | Цивилизации и пирамиди |
| Редно поле (дума) | Робърт М. Шох; прев. от англ. Мариана Александрова Димитрова. |
| 257 ## - Страна на издаване | |
| Страна на създаване/издаване | Съединени американски щати |
| 260 ## - Област на издателските данни | |
| -- | София |
| Име на издателя, разпространителя и проч. | Бард |
| Година на издаване | 2003 |
| 300 ## - Физическа характеристика | |
| Страници | 304 с. |
| Размери/Мащаб | 21 см |
| 380 ## - Жанр | |
| Жанр | История |
| 490 1# - СЕРИИ (Колекции) | |
| Име на серия | Поредица Загадки и мистерии |
| 500 ## - Общи забележки | |
| Забележка | Ориг. загл. Voyages of the Piramid Builders / Robert M. Schoch, Ph.D. - Съдържа и Ново датиране на Сфинкса от Гиза. |
| 650 #4 - Допълнително описание по предмет – тема | |
| Основно описание – тема или топоним | Пирамиди |
| 9 (RLIN) | 166308 |
| 653 ## - Ключова дума – ненормативна | |
| Ключова дума | цивилизации |
| 653 ## - Ключова дума – ненормативна | |
| Ключова дума | пирамиди |
| 653 ## - Ключова дума – ненормативна | |
| Ключова дума | НЛО |
| 653 ## - Ключова дума – ненормативна | |
| Ключова дума | археологически паметници |
| 700 1# - Други автори (авторска отговорност) | |
| Лично име | Димитрова, Мариана Александрова |
| Автороска отговорност (Описва отношението между автора и произведението) | прев. от англ. |
| 9 (RLIN) | 365662 |
| 852 ## - Местоположение | |
| Форматна сигнатура | Цб 219150 |
| 856 4# - Електронен адрес и достъп | |
| Електронен формат | pdf - файл |
| Път до файла /url/ | |
| 856 4# - Електронен адрес и достъп | |
| Електронен формат | pdf - файл |
| Път до файла /url/ | |
| 942 ## - АРТИКУЛИ | |
| Вид на библиотечния материал | Книги |
| Скрит в OPAC | Не |
| Koha issues (borrowed), all copies | 5 |
| 944 ## - СЪЗДАВАНЕ И РЕДАКЦИЯ на ЗАПИСА | |
| Създаване/Редакция | Създаване |
| Дата на регистрацията/редакция | 23.04.2004 |
| Статус, дата на статуса | Цветелина Шанова |
| Служител, извършил регистрацията/редакцията | 30531 |
| 944 ## - СЪЗДАВАНЕ И РЕДАКЦИЯ на ЗАПИСА | |
| Създаване/Редакция | Редакция |
| Дата на регистрацията/редакция | 25.11.2011 |
| Статус, дата на статуса | ф / |
| Служител, извършил регистрацията/редакцията | |
| 999 ## - СИСТЕМНИ КОНТРОЛНИ НОМЕРА | |
| Koha biblionumber | 107275 |
| Koha biblioitemnumber | 107275 |
| Код за отписване | Код за изгубен артикул | Източник на класификационната схема | Код за повреда | Коз за рестрикции | Код за отдаване | Артикулен № | Име на библиотеката - собственик | Име на библиотеката, в която се намира в момента | Статус (Текущо местоположение) | Дата на вписване в системата | Местоположение - отдел | Цена в лева | Инвентарен номер | Систематично азбучна сигнатура | Баркод | Номер на екземпляра | Цена в евро | Служебна бележка | Служебен тип на артикула |
|---|---|---|---|---|---|---|---|---|---|---|---|---|---|---|---|---|---|---|---|
| Не е изгубен | Universal Decimal Classification | Не е повреден | без рестрикции | заемане за дома | 173152 | Регионална библиотека "Любен Каравелов" Русе | Регионална библиотека "Любен Каравелов" Русе | Заемна - подръчен фонд | 2004-04-23 | Заемна - подръчен фонд | 8.00 | 120000684817 | П 904/Ш 90 | 120000684817 | 1 | 4.09 | Дост: Pk Вид: Ф N: 8870 Дата: 22.04.2004 Дата инв: 07.02.2018 Бележки инв: П2018 | Книги | |
| Не е изгубен | Universal Decimal Classification | Не е повреден | без рестрикции | заемане за дома | 173153 | Регионална библиотека "Любен Каравелов" Русе | Регионална библиотека "Любен Каравелов" Русе | Дубликат | 2004-04-23 | Заемна - подръчен фонд | 8.00 | 120000684818 | П 904/Ш 90 | 120000684818 | 2 | 4.09 | Дост: Pk Вид: Ф N: 8870 Дата: 22.04.2004 Дата инв: 07.02.2018 Бележки инв: П2018 | Книги | |
| Не е изгубен | Не е повреден | без рестрикции | ползва се в читалня | 173154 | Регионална библиотека "Любен Каравелов" Русе | Регионална библиотека "Любен Каравелов" Русе | Хранилище | 2007-02-06 | Хранилище | 8.00 | 120000709342 | Цб 219150 | 120000709342 | 3 | 4.09 | Дост: Dp Вид: Д N: 12 Дата: 01.03.2006 | Книги | ||
| Не е изгубен | Universal Decimal Classification | Не е повреден | без рестрикции | заемане за дома | 173155 | Регионална библиотека "Любен Каравелов" Русе | Регионална библиотека "Любен Каравелов" Русе | Дубликат | 2011-10-28 | Заемна - подръчен фонд | 8.00 | 120000753919 | П 904/Ш 90 | 120000753919 | 4 | 4.09 | Дост: DA Вид: А N: 18 Дата: 28.10.2011 Дата инв: 07.02.2018 Бележки инв: П2018 | Книги |